Comprehensive pharmacy review (Record no. 2597)

000 -LEADER
fixed length control field 00545nam a22002057a 4500
003 - CONTROL NUMBER IDENTIFIER
control field OSt
005 - DATE AND TIME OF LATEST TRANSACTION
control field 20210715062419.0
008 - FIXED-LENGTH DATA ELEMENTS--GENERAL INFORMATION
fixed length control field 210715b ||||| |||| 00| 0 eng d
020 ## - INTERNATIONAL STANDARD BOOK NUMBER
International Standard Book Number 0781721474
020 ## - INTERNATIONAL STANDARD BOOK NUMBER
International Standard Book Number 9780781721479
040 ## - CATALOGING SOURCE
Transcribing agency ALUPE UNIVERSITY
050 ## - LIBRARY OF CONGRESS CALL NUMBER
Classification number RS57
Item number .P42 2001
100 ## - MAIN ENTRY--PERSONAL NAME
Personal name Leon Shargel
245 ## - TITLE STATEMENT
Title Comprehensive pharmacy review
250 ## - EDITION STATEMENT
Edition statement 4th ed
260 ## - PUBLICATION, DISTRIBUTION, ETC.
Place of publication, distribution, etc. Baltimore ; London :
Name of publisher, distributor, etc. Williams & Wilkins,
Date of publication, distribution, etc. ©2001.
300 ## - PHYSICAL DESCRIPTION
Extent 1171p
650 ## - SUBJECT ADDED ENTRY--TOPICAL TERM
Source of heading or term Pharmacy -- Outlines, syllabi, etc.
942 ## - ADDED ENTRY ELEMENTS (KOHA)
Source of classification or shelving scheme
Koha item type Book
Suppress in OPAC DO
Holdings
Withdrawn status Lost status Source of classification or shelving scheme Damaged status Not for loan Permanent Location Current Location Shelving location Date acquired Source of acquisition Total Checkouts Full call number Barcode Date last seen Price effective from Koha item type Public note
          AU LIBRARY AU LIBRARY Open Shelf 15.07.2021 DONATION FROM UM   RS57 .P42 2001 28000771 15.07.2021 15.07.2021 Book DO

Powered by Koha